000 00287nam a2200121Ia 4500
005 20260328104337.0
008 260328s9999||||xx |||||||||||||| ||und||
100 _aMiller, Wayne
245 0 _aCreative America /
_cWayne Miller
300 _a121 p.
650 _aFOTOGRAFÍA
942 _cBK
999 _c11960
_d11960